logo

Bir Sreshtho Munshi Abdur Rouf Library
Jhenaidah Cadet College

Tom Brown's school days / (Record no. 7392)

MARC details
000 -LEADER
fixed length control field 00591cam a22002295a 4500
001 - CONTROL NUMBER
JCCL Control Number 7392
003 - CONTROL NUMBER IDENTIFIER
JCCL marc code BD-JhCC
005 - DATE AND TIME OF LATEST TRANSACTION
control field 20180418172946.0
008 - FIXED-LENGTH DATA ELEMENTS--GENERAL INFORMATION
fixed length control field 170914s2016 xx a j 6 000 1 eng
020 ## - INTERNATIONAL STANDARD BOOK NUMBER
International Standard Book Number 9781910619933
020 ## - INTERNATIONAL STANDARD BOOK NUMBER
International Standard Book Number 1910619930
035 ## - SYSTEM CONTROL NUMBER
system control number (BD-JhCC)7392
040 ## - CATALOGING SOURCE
Original cataloging agency DLC
Transcribing agency DLC
Modifying agency BD-JhCC
041 ## - LANGUAGE CODE
Language code of Book eng
082 ## - DEWEY DECIMAL CLASSIFICATION NUMBER
Author mark and Year HUG 2016
100 1# - MAIN ENTRY--PERSONAL NAME
Personal name Hughes, Thomas.
245 10 - TITLE STATEMENT
Title Tom Brown's school days /
Statement of responsibility, etc Thomas Hughes
260 ## - PUBLICATION, DISTRIBUTION, ETC. (IMPRINT)
Place of publication, distribution, etc Berkshire, United Kingdom :
Name of publisher, distributor, etc CCS Corporation,
Date of publication, distribution, etc 2016.
300 ## - PHYSICAL DESCRIPTION
Pagination 47 pages :
Other physical details color illustrations.
942 ## - ADDED ENTRY ELEMENTS (KOHA)
Source of classification or shelving scheme Dewey Decimal Classification
Koha item type Books
Holdings
Source of classification or shelving scheme Damaged status Not for loan Home library Current library Shelving location Date of accession Full call number Barcode Date last seen Copy number Method of acquisition Koha item type
Dewey Decimal Classification     JCC Rouf Library JCC Rouf Library General Stacks 11/08/2023 823.8 HUG 1967 9814 02/08/2018 C - 1 Purchase Books

JCC Library | Contacts | JCC Home

Last Update on 23 September 2017
Copyright @ 2017-2020 JCC Rouf Library
Rouf Library, Jhenidah Cadet College (JCC), Bangladesh